Incentivos tributários como política extrafiscal afirmativa do acesso à saúde / (Record no. 227)

MARC details
000 -LÍDER
Campo Fixo de Controle 00792cam a2200241 a 4500
001 - NÚMERO DE CONTROLE
Campo de Controle 227
003 - IDENTIFICAÇÃO DO NÚMERO DE CONTROLE
Campo de Controle BR-CuiBMT
005 - DATA E HORA DA ÚLTIMA ATUALIZAÇÃO
Campo de Controle 20231028193619.0
008 - DADOS FIXOS
Dados Fixos 230904s2016 mgba 000 0 por d
020 ## - INTERNATIONAL STANDARD BOOK NUMBER
Nº do ISBN 9788545001416
040 ## - AGÊNCIA CATALOGADORA
Código da Agência Catalogadora BR-CuiBMT
Agência que transcreveu o registro BR-CuiBMT
080 ## - Nº DA CLASSIFICAÇÃO DECIMAL UNIVERSAL
Nº edição CDU 2007
Nº Class. CDU 340.62
090 ## - NÚMERO DE CHAMADA
Nº classificação 340.62
Cutter S586i
100 1# - ENTRADA PRINCIPAL -- AUTOR PESSOAL
Nome pessoal Silva, Maria Stela Campos da
245 10 - TÍTULO PRINCIPAL
Título principal Incentivos tributários como política extrafiscal afirmativa do acesso à saúde /
Indicação de responsabilidade Maria Stela Campos da Silva ; prefácio Calilo Jorge Kzan Neto.
260 ## - PUBLICAÇÃO, DISTRIBUIÇÃO, ETC.
Local de publicação Belo Horizonte :
Editora Fórum,
Data 2016.
300 ## - DESCRIÇÃO FÍSICA
N. páginas ou volumes 246 p. :
Ilustrações il. ;
Dimensões 22 cm
504 ## - NOTA DE BIBLIOGRAFIA, ETC.
Nota de bibliografia Inclui bibliografia.
650 ## - ASSUNTO TÓPICO
Cabeçalho tópico ou nome geográfico Direito à saúde
Subdivisão geral Incentivos tributários
650 ## - ASSUNTO TÓPICO
Cabeçalho tópico ou nome geográfico Direito administrativo
650 ## - ASSUNTO TÓPICO
Cabeçalho tópico ou nome geográfico Políticas públicas
942 ## - ELEMENTOS DE ENTRADA ADICIONAIS (KOHA)
Fonte de classificação ou esquema de arquivamento Classificação Decimal Universal
Tipo de item do Koha Livros
Holdings
Estado: removido Estado: perdido Fonte de classificação ou esquema de arquivamento Estado: danificado Indisponível para empréstimo Localização permanente Localização atual Data de aquisição Total Checkouts Número de Chamada completo Código de barras Date last seen Número do exemplar Preço efetivo a partir de Tipo de item (Koha)
    Classificação Decimal Universal     Biblioteca da Escola Superior de Contas do TCE/MT Biblioteca da Escola Superior de Contas do TCE/MT 28/07/2023   340.62 S586i BIBTCEMT23090002 04/09/2023 Ex. 1 04/09/2023 Livros

Powered by Koha